[Event "Stockholm op"]
[Site "Stockholm"]
[Date "2011.06.02"]
[Round "2"]
[White "Cleanthous, Demetris"]
[Black "Goberman, Boris L"]
[Result "0-1"]
[WhiteElo "1922"]
[BlackElo "2321"]
[PlyCount "50"]
[EventDate "2011.06.01"]
[EventType "swiss"]
[EventRounds "7"]
[EventCountry "SWE"]
[SourceTitle "CBM 142 Extra"]
[Source "ChessBase"]
[SourceDate "2011.06.27"]
[SourceVersion "1"]
[SourceVersionDate "2011.06.27"]
[SourceQuality "1"]

1. Nf3 Nc6 2. d4 d5 3. e3 Bg4 4. Nbd2 e5 5. dxe5 Nxe5 6. c3 Nxf3+ 7. Nxf3 Nf6 8. Be2 Bd6 9. h3 Bh5 10. 0-0 0-0 11. Nd2 Bg6 12. c4 c6 13. cxd5 cxd5 14. Qb3 Qe7 15. Re1 Rac8 16. Bd3 Ne4 17. Nf3 Nc5 18. Qxd5 Nxd3 19. Rd1 Be4 20. Qg5 f6 21. Qg4 Rc2 22. Rf1 f5 23. Qg5 Bxf3 24. Qxe7 Bxe7 25. gxf3 Rfc8 0-1

[Event "Stockholm Salongernas Elo Gr 2"]
[Site "Stockholm"]
[Date "2008.07.14"]
[Round "8"]
[White "Cleanthous, Demetris"]
[Black "Palmblad, Jan Peter"]
[Result "0-1"]
[WhiteElo "1951"]
[BlackElo "2115"]
[PlyCount "68"]
[EventDate "2008.07.06"]
[EventType "tourn"]
[EventRounds "9"]
[EventCountry "SWE"]
[SourceTitle "EXT 2024"]
[Source "ChessBase"]
[SourceDate "2023.10.10"]
[SourceVersion "1"]
[SourceVersionDate "2023.10.10"]
[SourceQuality "1"]

1. d4 Nf6 2. Nf3 g6 3. g3 Bg7 4. Bg2 d5 5. 0-0 0-0 6. c4 dxc4 7. Nc3 c6 8. Ne5 Ng4 9. Nxg4 Bxg4 10. h3 Be6 11. e3 Qd7 12. Kh2 Na6 13. Qa4 Nc7 14. Ne4 a5 15. Nc5 Qc8 16. Nxe6 Qxe6 17. Qc2 Na6 18. Bd2 Nb4 19. Qe4 Qxe4 20. Bxe4 f5 21. a3 Nd5 22. Bg2 e5 23. Bc3 exd4 24. exd4 f4 25. Rfe1 f3 26. Bf1 b5 27. Re4 Rfe8 28. Rae1 Kf7 29. Bd2 Rxe4 30. Rxe4 Re8 31. Rxe8 Kxe8 32. Be3 c5 33. dxc5 Nxe3 34. fxe3 a4 0-1

[Event "Stockholm Salongernas Elo Gr 2"]
[Site "Stockholm"]
[Date "2008.07.13"]
[Round "7"]
[White "Helin, Mikael"]
[Black "Cleanthous, Demetris"]
[Result "1-0"]
[WhiteElo "1935"]
[BlackElo "1951"]
[PlyCount "117"]
[EventDate "2008.07.06"]
[EventType "tourn"]
[EventRounds "9"]
[EventCountry "SWE"]
[SourceTitle "EXT 2024"]
[Source "ChessBase"]
[SourceDate "2023.10.10"]
[SourceVersion "1"]
[SourceVersionDate "2023.10.10"]
[SourceQuality "1"]

1. e4 c5 2. Nc3 Nc6 3. g3 g6 4. Bg2 Bg7 5. d3 e6 6. Be3 Qa5 7. Bd2 a6 8. h4 h6 9. Nh3 Nge7 10. Qc1 Qd8 11. Be3 Nd4 12. Nd1 d6 13. c3 Ndc6 14. Ng1 Ne5 15. Bf1 Ng4 16. Bd2 Nc6 17. f3 Nf6 18. Nf2 e5 19. Be3 Be6 20. Ne2 Rc8 21. Qd2 Qa5 22. Bg2 Rd8 23. a3 Bb3 24. Nc1 Be6 25. 0-0 Qc7 26. f4 exf4 27. gxf4 Ne7 28. Ne2 d5 29. e5 Ng4 30. Nxg4 Bxg4 31. d4 c4 32. Ng3 Nf5 33. Nxf5 Bxf5 34. Bf3 h5 35. Qg2 Qd7 36. Kh2 Bf8 37. Rg1 Qe6 38. a4 Be7 39. Bf2 Kf8 40. a5 Kg7 41. Rh1 Kh7 42. Rag1 Rhg8 43. Qf1 Bd3 44. Qe1 Rd7 45. Rg2 Qf5 46. Qe3 Bf8 47. Rg5 Qe6 48. b3 Bh6 49. bxc4 Be4 50. Bxe4 dxe4 51. d5 Qe8 52. Qxe4 Bxg5 53. hxg5 Qe7 54. Kg3 Kg7 55. Bd4 Kf8 56. Qe3 Ke8 57. Bc5 Qd8 58. e6 Rd6 59. Qe5 1-0

[Event "Stockholm Salongernas Elo Gr 2"]
[Site "Stockholm"]
[Date "2008.07.10"]
[Round "4"]
[White "Mardell, Jimmy"]
[Black "Cleanthous, Demetris"]
[Result "1-0"]
[WhiteElo "2110"]
[BlackElo "1951"]
[PlyCount "153"]
[EventDate "2008.07.06"]
[EventType "tourn"]
[EventRounds "9"]
[EventCountry "SWE"]
[SourceTitle "EXT 2024"]
[Source "ChessBase"]
[SourceDate "2023.10.10"]
[SourceVersion "1"]
[SourceVersionDate "2023.10.10"]
[SourceQuality "1"]

1. e4 c5 2. Nf3 e6 3. Nc3 a6 4. d4 cxd4 5. Nxd4 Qc7 6. Bd3 g6 7. 0-0 Bg7 8. Be3 Nc6 9. Nb3 Nf6 10. f4 d6 11. Qf3 0-0 12. Rae1 Rb8 13. h3 b5 14. Nd4 Nxd4 15. Bxd4 b4 16. Nb1 e5 17. fxe5 dxe5 18. Be3 Be6 19. Nd2 a5 20. b3 Nd7 21. Bc4 Bxc4 22. Nxc4 Nc5 23. Rd1 Ne6 24. Rd5 a4 25. Rfd1 Nd4 26. Bxd4 exd4 27. e5 axb3 28. axb3 Ra8 29. R1xd4 Ra1+ 30. Rd1 Rxd1+ 31. Qxd1 Qa7+ 32. Kh1 Qf2 33. Qd2 Qh4 34. Rd4 Qh5 35. Qd1 Qf5 36. Qd3 Qf2 37. Re4 Ra8 38. Qe2 Ra1+ 39. Kh2 Qg1+ 40. Kg3 h5 41. Nd2 Qc1 42. Nf3 g5 43. Qd2 Qxd2 44. Nxd2 Bf8 45. Nf3 Be7 46. Rc4 Ra7 47. Nd4 Kh7 48. Kf3 Rb7 49. g4 hxg4+ 50. hxg4 Kg6 51. Ke4 Bf8 52. Rc6+ Kh7 53. Nf5 Ra7 54. Nd6 Kg8 55. Rc4 Ra1 56. Rxb4 f6 57. Rb8 Re1+ 58. Kf5 Rxe5+ 59. Kxf6 Rc5 60. Rc8 Ra5 61. Nf5 Ra6+ 62. Kxg5 Kf7 63. Rb8 Rg6+ 64. Kf4 Rf6 65. Rb7+ Kg6 66. Rd7 Bh6+ 67. Kf3 Bf8 68. c4 Kg5 69. Rd5 Rb6 70. Nd4+ Kg6 71. Ke4 Bg7 72. c5 Rb4 73. c6 Bxd4 74. Rxd4 Rxb3 75. Rc4 Rb8 76. c7 Rc8 77. Kd5 1-0

[Event "Rilton Cup 34th"]
[Site "Stockholm"]
[Date "2005.01.04"]
[Round "8"]
[White "Bernholdsson, Svante"]
[Black "Cleanthous, Demetris"]
[Result "0-1"]
[WhiteElo "1955"]
[BlackElo "2051"]
[PlyCount "108"]
[EventDate "2004.12.27"]
[EventType "swiss"]
[EventRounds "9"]
[EventCountry "SWE"]
[SourceTitle "CBM 104 Extra"]
[Source "ChessBase"]
[SourceDate "2005.03.01"]
[SourceVersion "1"]
[SourceVersionDate "2005.03.01"]
[SourceQuality "1"]

1. d4 d6 2. e4 g6 3. f4 Bg7 4. Nf3 Nf6 5. Nc3 0-0 6. Be2 c5 7. dxc5 Qa5 8. 0-0 Qxc5+ 9. Kh1 Ng4 10. Qe1 Ne3 11. Bxe3 Qxe3 12. Ng5 Nc6 13. Nd5 Qd4 14. c3 Qa4 15. Bd3 h6 16. Nf3 Qa5 17. Qh4 Qd8 18. Qg3 e6 19. Ne3 Qb6 20. Nc4 Qc7 21. f5 exf5 22. exf5 gxf5 23. Nh4 Be6 24. Nxf5 Bxf5 25. Rxf5 Ne5 26. Nxe5 dxe5 27. Raf1 Rad8 28. Qf3 Qd7 29. Be4 Qe6 30. Qe3 b6 31. h3 Rd6 32. Qf3 Qd7 33. Qg3 Rg6 34. Qf3 Rd6 35. Bc2 f6 36. Qe4 Qc6 37. Bb3+ Kh8 38. Qg4 e4 39. Rh5 e3 40. Qg6 f5 41. Qg3 Rg6 42. Bd5 Rxg3 43. Bxc6 f4 44. Rh4 Rg6 45. Bf3 Rd6 46. Re1 Rd2 47. Re2 Rd1+ 48. Kh2 Rf1 49. Rh5 Rd8 50. Rd5 Rxd5 51. Bxd5 Be5 52. Bf3 h5 53. Rc2 h4 54. g4 Rxf3 0-1

[Event "Rilton Cup 34th"]
[Site "Stockholm"]
[Date "2005.01.02"]
[Round "6"]
[White "Tocklin, Tomi"]
[Black "Cleanthous, Demetris"]
[Result "1/2-1/2"]
[WhiteElo "1969"]
[BlackElo "2051"]
[PlyCount "130"]
[EventDate "2004.12.27"]
[EventType "swiss"]
[EventRounds "9"]
[EventCountry "SWE"]
[SourceTitle "CBM 104 Extra"]
[Source "ChessBase"]
[SourceDate "2005.03.01"]
[SourceVersion "1"]
[SourceVersionDate "2005.03.01"]
[SourceQuality "1"]

1. e4 c5 2. Nf3 e6 3. c3 Qa5 4. Be2 Nc6 5. 0-0 Be7 6. d4 d5 7. exd5 exd5 8. dxc5 Qxc5 9. Be3 Qd6 10. Na3 a6 11. Nc2 Nf6 12. Bg5 0-0 13. Ncd4 Rd8 14. Qd3 Ne4 15. Bxe7 Nxe7 16. Nd2 Nc5 17. Qc2 g6 18. N2b3 Ne4 19. Bd3 Nc5 20. Nxc5 Qxc5 21. Rfe1 Nc6 22. Nb3 Qd6 23. Rad1 Bg4 24. Be2 Bf5 25. Qd2 Qf8 26. Nd4 Nxd4 27. Qxd4 Be6 28. Bf3 Qg7 29. Qxg7+ Kxg7 30. Rd4 b5 31. Red1 Rac8 32. Bxd5 Bxd5 33. Rxd5 Rxd5 34. Rxd5 b4 35. Rd3 a5 36. Kf1 bxc3 37. Rxc3 Rb8 38. b3 a4 39. Ke2 Kf6 40. Kd3 Rd8+ 41. Kc2 axb3+ 42. axb3 Ra8 43. Rf3+ Ke6 44. b4 f5 45. Rb3 Kd5 46. Rb2 Kc4 47. b5 Rb8 48. b6 Rb7 49. Kd2 Kd4 50. Ke2 Kc5 51. Rc2+ Kd4 52. Rb2 Kc5 53. Ke3 g5 54. f4 h6 55. g3 Re7+ 56. Kf3 g4+ 57. Kf2 Kc6 58. b7 Rxb7 59. Rxb7 Kxb7 60. Ke3 Kc6 61. Kd4 Kd6 62. Kc4 Kc6 63. Kd4 Kd6 64. Kc4 Kc6 65. Kd4 Kd6 1/2-1/2

[Event "Rilton Cup 34th"]
[Site "Stockholm"]
[Date "2004.12.29"]
[Round "3"]
[White "Cleanthous, Demetris"]
[Black "Palmblad, Jan Peter"]
[Result "0-1"]
[WhiteElo "2051"]
[BlackElo "2148"]
[PlyCount "63"]
[EventDate "2004.12.27"]
[EventType "swiss"]
[EventRounds "9"]
[EventCountry "SWE"]
[SourceTitle "CBM 104 Extra"]
[Source "ChessBase"]
[SourceDate "2005.03.01"]
[SourceVersion "1"]
[SourceVersionDate "2005.03.01"]
[SourceQuality "1"]

1. d4 Nf6 2. Nf3 g6 3. g3 Bg7 4. Bg2 0-0 5. 0-0 d5 6. c4 dxc4 7. Ne5 c6 8. Nxc4 Nd5 9. Nc3 Nxc3 10. bxc3 Nd7 11. Bf4 Nb6 12. Ne5 Nd5 13. Bd2 Bxe5 14. dxe5 Qc7 15. c4 Nb6 16. c5 Nc4 17. Bc3 Nxe5 18. f4 Ng4 19. h3 Rd8 20. Qc1 Nf6 21. e4 b6 22. Be5 Qd7 23. Qc3 Ba6 24. Rf2 Qd3 25. Bxf6 exf6 26. Qxf6 bxc5 27. Rc1 Qe3 28. Qc3 Rd3 29. Qxc5 Rd1+ 30. Kh2 Qxc1 31. Rc2 Qb1 32. Qxc6 0-1

[Event "Rilton Cup 33rd"]
[Site "Stockholm"]
[Date "2003.12.30"]
[Round "4"]
[White "Cleanthous, Demetris"]
[Black "Karlsen, Terje"]
[Result "0-1"]
[WhiteElo "2091"]
[BlackElo "2083"]
[PlyCount "96"]
[EventDate "2003.12.27"]
[EventType "swiss"]
[EventRounds "9"]
[EventCountry "SWE"]
[SourceTitle "CBM 097 Extra"]
[Source "ChessBase"]
[SourceDate "2004.01.13"]
[SourceVersion "1"]
[SourceVersionDate "2004.01.13"]
[SourceQuality "1"]

1. d4 Nf6 2. c4 c5 3. d5 e6 4. Nc3 exd5 5. cxd5 d6 6. e4 g6 7. Bd3 Bg7 8. Nge2 0-0 9. 0-0 a6 10. a4 Nbd7 11. a5 Qc7 12. h3 Rb8 13. Be3 Re8 14. Kh1 c4 15. Bc2 Nc5 16. f3 Bd7 17. Bd4 b5 18. axb6 Rxb6 19. Na4 Bxa4 20. Bxa4 Reb8 21. Ra2 Nd3 22. Qc2 Nb4 23. Bxb6 Rxb6 24. Qb1 Nxa2 25. Qxa2 Nxd5 26. Rb1 Nb4 27. Qa3 Nd3 28. b4 Qb8 29. Bc2 Rxb4 30. Rf1 Nc5 31. Nc3 Rb2 32. Bd1 Qb4 33. Qxb4 Rxb4 34. Nd5 Rb2 35. Ne3 c3 36. Nc2 a5 37. Kh2 Nd3 38. h4 Nb4 39. Na3 c2 40. Be2 Ra2 41. Nxc2 Rxc2 42. Bb5 Ra2 43. Bc4 Ra1 44. Rf2 a4 45. f4 a3 46. Rd2 Rc1 47. Bb3 Rc3 48. e5 Rxb3 0-1

[Event "Rilton Cup 33rd"]
[Site "Stockholm"]
[Date "2003.12.29"]
[Round "3"]
[White "Krantz, Christopher"]
[Black "Cleanthous, Demetris"]
[Result "1-0"]
[WhiteElo "1919"]
[BlackElo "2091"]
[PlyCount "107"]
[EventDate "2003.12.27"]
[EventType "swiss"]
[EventRounds "9"]
[EventCountry "SWE"]
[SourceTitle "CBM 097 Extra"]
[Source "ChessBase"]
[SourceDate "2004.01.13"]
[SourceVersion "1"]
[SourceVersionDate "2004.01.13"]
[SourceQuality "1"]

1. c4 e6 2. g3 d5 3. Bg2 c6 4. Nf3 Nd7 5. 0-0 Ngf6 6. b3 Be7 7. Bb2 0-0 8. d4 Ne4 9. Nc3 f5 10. Nd2 Qa5 11. Qc2 Bg5 12. e3 Bh6 13. Rae1 Rf7 14. f3 Nxd2 15. Qxd2 Qc7 16. Qe2 Nf6 17. e4 Bd7 18. e5 Ne8 19. f4 Qb6 20. Qd2 Qa5 21. a3 Qa6 22. cxd5 cxd5 23. Rc1 Bc6 24. b4 Nc7 25. Rf3 Qb6 26. Bf1 a6 27. Qd1 g6 28. Na4 Qa7 29. Nc5 Bf8 30. Rfc3 Re8 31. Nxb7 Bxb7 32. Rxc7 Qb6 33. Qc2 Rxc7 34. Qxc7 Qxc7 35. Rxc7 Re7 36. Rxe7 Bxe7 37. Bc3 Kf7 38. Kf2 Ke8 39. Ke2 Kd7 40. h3 h5 41. Kd2 h4 42. g4 fxg4 43. hxg4 Bc8 44. Ke3 g5 45. f5 exf5 46. gxf5 Kc6 47. e6 a5 48. Kf3 axb4 49. Bxb4 Bf6 50. Kg4 h3 51. Bxh3 Ba6 52. Kh5 Be2+ 53. Bg4 Bd3 54. Bc5 1-0

[Event "Rilton Cup 33rd"]
[Site "Stockholm"]
[Date "2003.12.28"]
[Round "2"]
[White "Cleanthous, Demetris"]
[Black "Andersson, Goran"]
[Result "0-1"]
[WhiteElo "2091"]
[BlackElo "2194"]
[PlyCount "144"]
[EventDate "2003.12.27"]
[EventType "swiss"]
[EventRounds "9"]
[EventCountry "SWE"]
[SourceTitle "CBM 097 Extra"]
[Source "ChessBase"]
[SourceDate "2004.01.13"]
[SourceVersion "1"]
[SourceVersionDate "2004.01.13"]
[SourceQuality "1"]

1. d4 e6 2. c4 Nf6 3. Nc3 d5 4. Nf3 Be7 5. Bg5 h6 6. Bh4 0-0 7. e3 b6 8. cxd5 Nxd5 9. Bxe7 Qxe7 10. Nxd5 exd5 11. Bd3 c5 12. dxc5 bxc5 13. 0-0 Be6 14. Qa4 Qb7 15. Qb5 Qxb5 16. Bxb5 a6 17. Ba4 Nd7 18. Bxd7 Bxd7 19. Rfd1 Be6 20. Rac1 Rfc8 21. Rc3 Rab8 22. Rd2 a5 23. h3 a4 24. Ne5 g5 25. Nd3 c4 26. Ne5 Rb6 27. g4 Rcb8 28. Rcc2 h5 29. e4 dxe4 30. Nxc4 Rb4 31. Ne5 hxg4 32. hxg4 Bxa2 33. Nc6 e3 34. fxe3 Rxg4+ 35. Kf2 Re8 36. Rc5 f6 37. Rd7 Rge4 38. Rc3 Be6 39. Rd4 Rxd4 40. Nxd4 Bd7 41. Rc7 Rd8 42. Rb7 Kf8 43. Kg3 Ke8 44. Rb6 Ke7 45. Kf3 Rh8 46. Kg3 Rh3+ 47. Kf2 g4 48. Rb7 Kd6 49. Rb6+ Kc7 50. Rb4 f5 51. Nb5+ Bxb5 52. Rxb5 Rf3+ 53. Ke2 f4 54. exf4 Rxf4 55. Ke3 Kc6 56. Rg5 Rb4 57. Kd3 Kd6 58. Ke3 Ke6 59. Ra5 Kf6 60. Kf2 Rxb2+ 61. Kg3 Rb4 62. Kf2 Ke6 63. Kf1 Kd6 64. Ke2 Kc6 65. Kd2 Kb6 66. Ra8 g3 67. Rg8 Rb3 68. Kc2 Rf3 69. Rg5 a3 70. Kb1 Kc6 71. Kc2 Rf2+ 72. Kb1 g2 0-1